00431 2200181 4500001002100000005001500021035002000036245002100056100001000077250001000087300003600097260003600133082000800169084001400177020001900191504002000210990001900230INLIS00000000000539120260513070427 a0010-05260000041 aTerusir /cHamka0 aHamka aCet.1 a125 hlm, :bilus ;c12 x 18 cm. aJakarta; :bGema Insani,c2016. a813 a813 HAM t a978602250292-0 aTentang Penulis a16336/P/S/2026